000 00567nam a2200205Ia 4500
003 OSt
005 20230405104150.0
008 210423s2007 xx 000 0 und d
020 _a8130904403
040 _cAL
041 _aeng
082 _a809.935 BLOH
100 _aBLOOM (Harold),Ed.
_983121
245 _aViva blooms notes William Shakespeares Julius Caesar.
260 _aNew Delhi
_bViva Books Pvt Ltd
_c2007
300 _a72
_bPB
365 _b70
_cINR
906 _ablooms ; Caesar. ; Julius ; notes ; Shakespeares ; Viva ; William
942 _2ddc
_cBK
999 _c158089
_d158089